|
|
|
|
| LEADER |
00000nam0a2200000 4500 |
| 001 |
218379 |
| 005 |
20231101230206.0 |
| 010 |
|
|
|a 9785911346416
|
| 035 |
|
|
|a (RuTPU)RU\TPU\book\238405
|
| 090 |
|
|
|a 218379
|
| 100 |
|
|
|a 20120619d2012 m y0rusy50 ca
|
| 101 |
0 |
|
|a rus
|
| 102 |
|
|
|a RU
|
| 105 |
|
|
|a a j 001zy
|
| 200 |
1 |
|
|a Управление в технических системах
|e учебное пособие для вузов
|f А. А. Иванов, С. Л. Торохов
|
| 210 |
|
|
|a Москва
|c Форум
|d 2012
|
| 215 |
|
|
|a 272 с.
|c ил.
|
| 320 |
|
|
|a Библиогр.: с. 267-268.
|
| 330 |
|
|
|a В учебном пособии дана общая характеристика, классификация и структура систем автоматического управления (САУ); рассмотрены принципы автоматического управления, системы стабилизации, программного управления и следящие системы; приведены основы теории автоматического управления применительно к линейным, нелинейным, дискретным и оптимальным САУ; представлены основные функциональные цифровые и аналоговые устройства автоматики, показан синтез систем управления на примере комбинационных и последовательностиых логических схем. В пособии приведена методика выработки управляющих решений в условиях неполной информации, а также основные положения теории статистических решений. Пособие предназначено для студентов технических вузов, обучающихся по учебным программам бакалавров, дипломированных специалистов и магистров — направления: «Автоматизация технологических процессов и производств» и «Мехатроника и робототехника».
|
| 606 |
1 |
|
|a Системы автоматического управления
|x Теория
|2 stltpush
|3 (RuTPU)RU\TPU\subj\68253
|9 83687
|
| 610 |
1 |
|
|a характеристика
|
| 610 |
1 |
|
|a классификация
|
| 610 |
1 |
|
|a структура
|
| 610 |
1 |
|
|a автоматика
|
| 610 |
1 |
|
|a функциональные устройства
|
| 610 |
1 |
|
|a синтез
|
| 610 |
1 |
|
|a механообработка
|
| 610 |
1 |
|
|a сборка
|
| 610 |
1 |
|
|a исполнительные устройства
|
| 610 |
1 |
|
|a приводы
|
| 610 |
1 |
|
|a управление
|
| 610 |
1 |
|
|a программируемые логические контроллеры
|
| 610 |
1 |
|
|a промышленное производство
|
| 610 |
1 |
|
|a учебные пособия
|
| 675 |
|
|
|a 681.51.01(075.8)
|v 3
|
| 700 |
|
1 |
|a Иванов
|b А. А.
|g Анатолий Андреевич
|
| 701 |
|
1 |
|a Торохов
|b С. Л.
|g Сергей Леонидович
|
| 801 |
|
1 |
|a RU
|b 63413507
|c 20120619
|
| 801 |
|
2 |
|a RU
|b 63413507
|c 20150709
|g RCR
|
| 900 |
|
|
|a Управление в технических системах
|
| 942 |
|
|
|c BK
|
| 951 |
|
|
|b 220700
|
| 959 |
|
|
|a 82/20120524
|d 5
|e 249,90
|f ЧЗТЛ:1
|f АНЛ:1
|f УФ:3
|